<?xml version="1.0" encoding="UTF-8"?><?xml-stylesheet type="text/xsl" href="static/style.xsl"?><OAI-PMH xmlns="http://www.openarchives.org/OAI/2.0/" xmlns:xsi="http://www.w3.org/2001/XMLSchema-instance" xsi:schemaLocation="http://www.openarchives.org/OAI/2.0/ http://www.openarchives.org/OAI/2.0/OAI-PMH.xsd"><responseDate>2026-04-14T03:49:41Z</responseDate><request verb="GetRecord" identifier="oai:www.recercat.cat:2445/164279" metadataPrefix="marc">https://recercat.cat/oai/request</request><GetRecord><record><header><identifier>oai:recercat.cat:2445/164279</identifier><datestamp>2025-12-05T10:19:26Z</datestamp><setSpec>com_2072_1057</setSpec><setSpec>col_2072_478917</setSpec><setSpec>col_2072_478927</setSpec></header><metadata><record xmlns="http://www.loc.gov/MARC21/slim" xmlns:dcterms="http://purl.org/dc/terms/" xmlns:xsi="http://www.w3.org/2001/XMLSchema-instance" xmlns:doc="http://www.lyncode.com/xoai" xsi:schemaLocation="http://www.loc.gov/MARC21/slim http://www.loc.gov/standards/marcxml/schema/MARC21slim.xsd">
   <leader>00925njm 22002777a 4500</leader>
   <datafield ind2=" " ind1=" " tag="042">
      <subfield code="a">dc</subfield>
   </datafield>
   <datafield ind2=" " ind1=" " tag="720">
      <subfield code="a">Rodríguez Rodríguez, A.</subfield>
      <subfield code="e">author</subfield>
   </datafield>
   <datafield ind2=" " ind1=" " tag="720">
      <subfield code="a">Barbosa de Figueiredo, Rui Pedro</subfield>
      <subfield code="e">author</subfield>
   </datafield>
   <datafield ind2=" " ind1=" " tag="720">
      <subfield code="a">Valmaseda Castellón, Eduardo</subfield>
      <subfield code="e">author</subfield>
   </datafield>
   <datafield ind2=" " ind1=" " tag="720">
      <subfield code="a">Berini Aytés, Leonardo</subfield>
      <subfield code="e">author</subfield>
   </datafield>
   <datafield ind2=" " ind1=" " tag="720">
      <subfield code="a">Gay Escoda, Cosme</subfield>
      <subfield code="e">author</subfield>
   </datafield>
   <datafield ind2=" " ind1=" " tag="260">
      <subfield code="c">2020-06-04T10:40:27Z</subfield>
   </datafield>
   <datafield ind2=" " ind1=" " tag="260">
      <subfield code="c">2020-06-04T10:40:27Z</subfield>
   </datafield>
   <datafield ind2=" " ind1=" " tag="260">
      <subfield code="c">2007-10</subfield>
   </datafield>
   <datafield ind2=" " ind1=" " tag="260">
      <subfield code="c">2020-06-04T10:40:28Z</subfield>
   </datafield>
   <datafield ind2=" " ind1=" " tag="520">
      <subfield code="a">Objetivo: Determinar las características clínicas, el tratamiento y la evolución de una muestra de pacientes con gingivitis descamativa crónica asociada al liquen plano atrófico-erosivo. Pacientes y método: Estudio descriptivo observacional de 14 casos de gingivitis descamativa crónica (GDC) asociada al Liquen Plano (LP). El diagnostico de todos los casos se basó en criterios clínicos e histológicos. Los datos recogidos fueron: edad, sexo, localización, sintomatología, enfermedades sistémicas asociadas, tipo de tratamiento y evolución de las lesiones. Resultados: Todos los casos fueron del sexo femenino. Su edad media fue de 64,2 años. Cuatro pacientes presentaban lesiones cutáneas y descamación de las uñas. La localización más frecuente fue en la encía vestibular inferior. La gran mayoría de los casos presentaban síntomas, como dolor, quemazón, escozor de la zona afectada y gingivorragias. Se realizó tratamiento con corticoides tópicos en todas las pacientes y tratamiento periodontal coadyuvante en 10 de los casos. Todas as pacientes refirieron una remisión total de los síntomas, pero clínicamente las lesiones erosivas persistieron en diez casos, aunque con una clínica más moderada. Un caso mostró displasia epitelial moderada en el análisis anatomopatológico. Conclusiones: La GDC asociada al LP es una entidad crónica que presenta una evolución poco predecible. El tratamiento farmacológico y periodontal suelen proporcionar una remisión importante de los síntomas, aunque la desaparición total de las lesiones es difícil de alcanzar.</subfield>
   </datafield>
   <datafield tag="653" ind2=" " ind1=" ">
      <subfield code="a">Liquen pla</subfield>
   </datafield>
   <datafield tag="653" ind2=" " ind1=" ">
      <subfield code="a">Genives</subfield>
   </datafield>
   <datafield tag="653" ind2=" " ind1=" ">
      <subfield code="a">Inflamació</subfield>
   </datafield>
   <datafield tag="653" ind2=" " ind1=" ">
      <subfield code="a">Corticosteroides</subfield>
   </datafield>
   <datafield tag="653" ind2=" " ind1=" ">
      <subfield code="a">Lichen planus</subfield>
   </datafield>
   <datafield tag="653" ind2=" " ind1=" ">
      <subfield code="a">Gums</subfield>
   </datafield>
   <datafield tag="653" ind2=" " ind1=" ">
      <subfield code="a">Inflammation</subfield>
   </datafield>
   <datafield tag="653" ind2=" " ind1=" ">
      <subfield code="a">Adrenocortical hormones</subfield>
   </datafield>
   <datafield ind2="0" ind1="0" tag="245">
      <subfield code="a">Gingivitis descamativa crónica producida por líquen plano atrófico-erosivo</subfield>
   </datafield>
</record></metadata></record></GetRecord></OAI-PMH>